Statistics for Largest Satellites and Dwarf Planets in the Solar System

Click here to take the quiz!

General Stats

  • This quiz has been taken 64 times
  • The average score is 8 of 10

Answer Stats

Mean Radius (km)OrbitingAnswer% Correct
1818JupiterIo
96%
1737EarthMoon
96%
2576SaturnTitan
93%
2634JupiterGanymede
89%
1561JupiterEuropa
87%
1185SunPluto
85%
1353NeptuneTriton
82%
2408JupiterCallisto
78%
1163SunEris
78%
789UranusTitania
64%

Score Distribution

Percentile by Number Answered

Percent of People with Each Score

Your Score History

You have not taken this quiz